00520nam a2200145Ia 4500003000900000008004100009020002600050040001600076100003300092245006100125260003200186300002000218490003300238856010300271IN-BaIIA211028s9999 xx s 000 0 eng d a9780819421715 (Print) cIIA Library aRéfrégier, Philippe, ed. 0aVision Systems: New Image Processing Techniquesh[eBook] aWashington, USAbSPIEc1996 aOnline resource aProceedings of SPIE; V. 2785 uhttps://www.spiedigitallibrary.org/conference-proceedings-of-spie/2785yClick Here to Access eBook